000 00282nam a2200097Ia 4500
008 220120s9999||||xx |||||||||||||| ||und||
100 _aRajith, R
_912037
245 0 _aWorld war II
260 _aCoorg Institute of Technology
_bPonnampet
_c2005
650 _aELECTRONICS AND COMMUNICATIONS
999 _c137621
_d137621